ARRUPE JESUIT UNIVERSITY

CORONAVIRUS -STOP THE SPREAD - CLEAN,DISINFECT,COVER

Tukulu : (Record no. 120323)

MARC details
000 -LEADER
fixed length control field 00725cam a22002411 4500
001 - CONTROL NUMBER
control field 8410274
003 - CONTROL NUMBER IDENTIFIER
control field ARRUPE
005 - DATE AND TIME OF LATEST TRANSACTION
control field 20140327165724.0
008 - FIXED-LENGTH DATA ELEMENTS--GENERAL INFORMATION
fixed length control field 841004s1956 sa a 000 0 eng
010 ## - LIBRARY OF CONGRESS CONTROL NUMBER
LC control number 57058347
035 ## - SYSTEM CONTROL NUMBER
System control number (OCoLC)11227858
040 ## - CATALOGING SOURCE
Original cataloging agency DLC
Transcribing agency MiEM
Modifying agency DLC
042 ## - AUTHENTICATION CODE
Authentication code premarc
050 00 - LIBRARY OF CONGRESS CALL NUMBER
Classification number S471.C2
Item number M3
300 ## - PHYSICAL DESCRIPTION
Other physical details illus.
Dimensions 23 cm.
100 1# - MAIN ENTRY--PERSONAL NAME
Personal name Matthews, Edgar D.,
Dates associated with a name 1891-
9 (RLIN) 9595
245 10 - TITLE STATEMENT
Title Tukulu :
Remainder of title the rebirth of a South African farm.
260 ## - PUBLICATION, DISTRIBUTION, ETC. (IMPRINT)
Place of publication, distribution, etc [Lovedale, South Africa]
Name of publisher, distributor, etc Lovedale Press,
Date of publication, distribution, etc 1956.
300 ## - PHYSICAL DESCRIPTION
Extent 178 p.
650 #0 - SUBJECT ADDED ENTRY--TOPICAL TERM
Topical term or geographic name as entry element Agriculture
Geographic subdivision South Africa
-- Cape of Good Hope.
9 (RLIN) 9596
650 #0 - SUBJECT ADDED ENTRY--TOPICAL TERM
Topical term or geographic name as entry element Pastures
9 (RLIN) 9597
906 ## - LOCAL DATA ELEMENT F, LDF (RLIN)
a 7
b cbc
c oclcrpl
d u
e ncip
f 19
g y-gencatlg
942 ## - ADDED ENTRY ELEMENTS (KOHA)
Source of classification or shelving scheme Library of Congress Classification
Koha item type REFERENCE
Holdings
Withdrawn status Lost status Source of classification or shelving scheme Damaged status Not for loan Collection code Home library Current library Shelving location Date acquired Total Checkouts Full call number Barcode Date last seen Price effective from Koha item type
    Library of Congress Classification     SPECIAL Collection ARRUPE LIBRARY ARRUPE LIBRARY Main Collection 27/03/2014   SPC S471.C2 M3 46500001811 27/03/2014 27/03/2014 REFERENCE

 

Arrupe Library. PO Box MP320 Mt Pleasant, Harare, Zimbabwe
263 242 745411|librarian@aju.ac.zw